[Event "Korumdu Issykkul op-B"]
[Site "Korumdu"]
[Date "2024.06.25"]
[Round "6"]
[White "Kudratov, Bekhruz"]
[Black "Asanbaev, Khanbolot"]
[Result "1/2-1/2"]
[WhiteElo "1845"]
[BlackElo "1755"]
[PlyCount "134"]
[EventDate "2024.06.22"]
[EventType "swiss"]
[EventRounds "10"]
[EventCountry "KGZ"]
[SourceTitle "EXT 2025"]
[Source "ChessBase"]
[SourceDate "2024.10.14"]
[SourceVersion "1"]
[SourceVersionDate "2024.10.14"]
[SourceQuality "1"]

1. d4 Nf6 2. Nf3 d5 3. Bf4 c5 4. e3 e6 5. c3 Nc6 6. Bd3 Bd6 7. Bg3 0-0 8. Nbd2 a6 9. Ne5 Bxe5 10. dxe5 Nd7 11. Nf3 h6 12. 0-0 b5 13. Bc2 c4 14. e4 Ne7 15. exd5 Nxd5 16. Qd4 Bb7 17. Qe4 g6 18. Bh4 Qc7 19. Qd4 Kg7 20. Rfe1 a5 21. Rad1 Rfc8 22. Bg3 Nc5 23. h4 h5 24. Qd2 Rd8 25. Nd4 b4 26. Bf4 bxc3 27. bxc3 Nd3 28. Bh6+ Kh7 29. Bxd3 cxd3 30. Rc1 Qc4 31. Nf3 Rac8 32. Re4 Qc6 33. Rd4 Ne7 34. Rxd8 Rxd8 35. Bg5 Qc7 36. Qf4 Nd5 37. Qd4 Rd7 38. Qxd3 Nb4 39. Qe2 Bxf3 40. Qxf3 Nd3 41. Rf1 Qxc3 42. Bf6 Qc8 43. Rd1 Nc5 44. Rc1 Rc7 45. g3 Nd7 46. Rd1 Rc1 47. Kh2 Nxf6 48. exf6 Rc2 49. a4 Qc5 50. Kg2 Qc6 51. Qxc6 Rxc6 52. Rd7 Kg8 53. Rd8+ Kh7 54. Rf8 Rc7 55. Kf3 g5 56. hxg5 Kg6 57. Kf4 Rc4+ 58. Ke5 Rc5+ 59. Kd6 Rxg5 60. Ke7 Rc5 61. Rg8+ Kf5 62. f4 Rc7+ 63. Kd6 Rc4 64. Ke7 Rc7+ 65. Kd6 Rc4 66. Ke7 Rc7+ 67. Kd6 Rc4 1/2-1/2

[Event "Korumdu Issykkul op-B"]
[Site "Korumdu"]
[Date "2024.06.24"]
[Round "5"]
[White "Asanbaev, Khanbolot"]
[Black "Nurdinov, Azamat"]
[Result "1-0"]
[WhiteElo "1755"]
[BlackElo "1888"]
[PlyCount "83"]
[EventDate "2024.06.22"]
[EventType "swiss"]
[EventRounds "10"]
[EventCountry "KGZ"]
[SourceTitle "EXT 2025"]
[Source "ChessBase"]
[SourceDate "2024.10.14"]
[SourceVersion "1"]
[SourceVersionDate "2024.10.14"]
[SourceQuality "1"]

1. e4 e5 2. Nf3 Nc6 3. d4 exd4 4. Nxd4 Bc5 5. Be3 Qf6 6. c3 Nge7 7. Bc4 Ne5 8. Bb3 d6 9. 0-0 0-0 10. f3 N7g6 11. Qd2 h6 12. Nc2 Bxe3+ 13. Nxe3 Be6 14. f4 Nxf4 15. Nd5 Nxd5 16. Rxf6 Nxf6 17. Bxe6 fxe6 18. Qe2 Nfg4 19. h3 Rf2 20. Qb5 Raf8 21. hxg4 Nxg4 22. Na3 Ne3 23. Nc4 Nxg2 24. Rd1 Nh4 25. Qh5 Rg2+ 26. Kh1 Ng6 27. Rg1 Nf4 28. Qd1 Re2 29. Rf1 Rxe4 30. Nd2 Re5 31. Nf3 Rh5+ 32. Nh2 Rg5 33. Qd4 e5 34. Qxa7 Rff5 35. Rg1 Rh5 36. Qb8+ Rf8 37. Qxc7 Rf7 38. Qxd6 Ne2 39. Qe6 Rh4 40. Qe8+ Rf8 41. Rxg7+ Kxg7 42. Qe7+ 1-0